000 01004cam a2200313 a 4500
001 2170
005 20250826141036.0
020 _a9780061554131
020 _a9780061554117
040 _aDLC
_cDLC
_dDLC
_beng
050 0 0 _aPZ7.G9846
_bMsj 2009
082 0 0 _a813.6
_222
100 1 _aGutman, Dan
245 1 0 _aMrs. Jafee is daffy! /
_cDan Gutman ; pictures by Jim Paillot.
250 _aFirst Edition
260 _aNew York :
_bHarper,
_c2009
300 _a109 pages :
_billustrations
_c20 cm
490 0 _aMy weird school daze ;
_v6
505 _aK
520 _aWhen the new vice principal is put in charge of Ella Mentry School for a few days, she tries out some very unusual ideas about how students learn.
521 1 _a580
_bLexile
521 1 _aK
_bRaz-Plus
650 1 _aSchools
_vFiction.
650 1 _aSchool principals
_vFiction.
650 1 _aHumorous stories.
700 1 _aPaillot, Jim
_eillustrator
906 _a7
_bcbc
_corignew
_d1
_eecip
_f20
_gy-gencatlg
942 _2ddc
_cBK
_n0
999 _c2170
_d2170